Yugakavī Panta kī kāvya-sādhanā. (Record no. 54275)

MARC details
000 -LEADER
fixed length control field 00595cam a22002291 4500
001 - CONTROL NUMBER
control field sa 63002045
003 - CONTROL NUMBER IDENTIFIER
control field DLC
005 - DATE AND TIME OF LATEST TRANSACTION
control field 20260227111931.0
008 - FIXED-LENGTH DATA ELEMENTS--GENERAL INFORMATION
fixed length control field 900207s1962 ii b 000 0 hino
010 ## - LIBRARY OF CONGRESS CONTROL NUMBER
LC control number sa 63002045
035 ## - SYSTEM CONTROL NUMBER
System control number (OCoLC)21014868
040 ## - CATALOGING SOURCE
Original cataloging agency DLC
Transcribing agency WaU
Modifying agency DLC
042 ## - AUTHENTICATION CODE
Authentication code premarc
050 00 - LIBRARY OF CONGRESS CALL NUMBER
Classification number PK2098.P32
Item number Z85
100 0# - MAIN ENTRY--PERSONAL NAME
Personal name Vinaya,
Dates associated with a name 1937-
245 10 - TITLE STATEMENT
Title Yugakavī Panta kī kāvya-sādhanā.
260 ## - PUBLICATION, DISTRIBUTION, ETC.
Date of publication, distribution, etc. [1962]
300 ## - PHYSICAL DESCRIPTION
Extent 269 p.
Dimensions 22 cm.
546 ## - LANGUAGE NOTE
Language note In Hindi.
504 ## - BIBLIOGRAPHY, ETC. NOTE
Bibliography, etc. note Includes bibliographical references.
600 10 - SUBJECT ADDED ENTRY--PERSONAL NAME
Personal name Panta, Sumitrānandana,
Dates associated with a name 1900-1977.

No items available.

Powered by Koha